000 00320 a2200157 4500
001 63663
020 _a9788508125951
040 _cAnchieta - Pituba
100 _aAlencar, José de
240 1 0 _aIracema
_lpor
245 1 0 _aIracema
300 _a125
362 0 _a2009
650 4 _aFicção brasileira
942 _cBK
999 _c63663
_d63663